[Event "Belgrade-chT"]
[Site "Belgrade"]
[Date "2013.10.14"]
[Round "3.5"]
[White "Markovic, Aleksandar"]
[Black "Vucinic, Gojko"]
[Result "1/2-1/2"]
[WhiteElo "2140"]
[BlackElo "2265"]
[PlyCount "125"]
[EventDate "2013.10.12"]
[EventType "team-tourn"]
[EventRounds "11"]
[EventCountry "SRB"]
[SourceTitle "EXT 2014"]
[Source "ChessBase"]
[SourceDate "2013.11.20"]
[SourceVersion "1"]
[SourceVersionDate "2013.11.20"]
[SourceQuality "1"]
[WhiteTeam "Cirilo i Metodije"]
[BlackTeam "Itaka"]
[WhiteTeamCountry "SRB"]
[BlackTeamCountry "SRB"]

1. e4 c5 2. Nf3 d6 3. d4 cxd4 4. Nxd4 Nf6 5. Nc3 Bd7 6. Bg5 e6 7. Ndb5 Qb6 8. Be3 Qa5 9. Bd2 Qd8 10. Bf4 Bxb5 11. Bxb5+ Nc6 12. 0-0 a6 13. Bxc6+ bxc6 14. e5 Nd5 15. Nxd5 cxd5 16. c4 dxe5 17. Bxe5 Bd6 18. Bxd6 Qxd6 19. cxd5 Qxd5 20. Qxd5 exd5 21. Rfd1 Rd8 22. Rac1 Kd7 23. Rxd5+ Ke6 24. Rxd8 Rxd8 25. Rc6+ Ke7 26. g3 Rd2 27. Rb6 a5 28. a4 h5 29. b4 axb4 30. Rxb4 Ra2 31. h4 g6 32. Kg2 Ra3 33. Kf1 Ra2 34. Ke1 Ke6 35. Rf4 f6 36. Rb4 Ke7 37. Rb7+ Ke6 38. Rb4 Ke7 39. Rf4 Ke6 40. Kf1 Ke5 41. Kg2 Ra3 42. Rb4 Ke6 43. Rb6+ Kf7 44. Rb7+ Kf8 45. Ra7 Kg8 46. a5 Kf8 47. a6 Kg8 48. Ra8+ Kg7 49. Kf1 Ra2 50. Ke1 f5 51. f4 Ra3 52. Kf2 Kf7 53. Ke2 Kg7 54. Kd2 Rxg3 55. Rb8 Ra3 56. Rb7+ Kf6 57. Rb6+ Kf7 58. Kc2 Rf3 59. a7 Ra3 60. Rb7+ Ke6 61. Kb2 Ra6 62. Kc3 Kd5 63. Re7 1/2-1/2

[Event "SRB-chT2 West"]
[Site "Vrnjacka Banja"]
[Date "2013.10.12"]
[Round "4"]
[White "Markovic, Aleksandar"]
[Black "Milovanovic, Nebojsa"]
[Result "1/2-1/2"]
[WhiteElo "2140"]
[BlackElo "2115"]
[PlyCount "68"]
[EventDate "2013.10.10"]
[EventType "team-tourn"]
[EventRounds "8"]
[EventCountry "SRB"]
[SourceTitle "EXT 2014"]
[Source "ChessBase"]
[SourceDate "2013.11.20"]
[SourceVersion "1"]
[SourceVersionDate "2013.11.20"]
[SourceQuality "1"]

1. e4 c6 2. d4 Na6 3. Nc3 Nc7 4. Bd3 d5 5. e5 g6 6. h3 Nh6 7. Nf3 Bg7 8. 0-0 0-0 9. Ne2 f6 10. exf6 exf6 11. Nf4 Nf5 12. Re1 Re8 13. Bd2 Nd6 14. Rxe8+ Qxe8 15. Be3 g5 16. Ne2 Nf5 17. Bxf5 Bxf5 18. Ng3 Bg6 19. h4 g4 20. Ne1 h5 21. Nd3 Ne6 22. Qd2 Qd7 23. c3 Re8 24. Re1 Bf8 25. Nf4 Nxf4 26. Bxf4 b6 27. Rxe8 Qxe8 28. Qe2 Qxe2 29. Nxe2 Bd3 30. Ng3 Bg6 31. Ne2 Bb1 32. a3 Kf7 33. Be3 a5 34. Nf4 Bg6 1/2-1/2

[Event "Senta op-A 17th"]
[Site "Senta"]
[Date "2013.07.13"]
[Round "1"]
[White "Markovic, Aleksandar"]
[Black "Kosanovic, Goran A"]
[Result "0-1"]
[WhiteElo "2111"]
[BlackElo "2372"]
[PlyCount "104"]
[EventDate "2013.07.13"]
[EventType "swiss"]
[EventRounds "9"]
[EventCountry "SRB"]
[SourceTitle "EXT 2014"]
[Source "ChessBase"]
[SourceDate "2013.11.20"]
[SourceVersion "1"]
[SourceVersionDate "2013.11.20"]
[SourceQuality "1"]

1. e4 c5 2. Nf3 d6 3. d4 cxd4 4. Nxd4 Nf6 5. Nc3 Bd7 6. Bg5 e6 7. Ndb5 Bxb5 8. Bxb5+ Nc6 9. Qf3 Be7 10. e5 Nd5 11. Bxc6+ bxc6 12. Bxe7 Qxe7 13. Qg3 0-0 14. exd6 Qb7 15. Rb1 Qa6 16. Qd3 Qxd3 17. cxd3 Rfd8 18. Nxd5 cxd5 19. Kd2 Rxd6 20. Rbc1 Ra6 21. a3 Rb8 22. Rc2 g6 23. Rhc1 Kg7 24. Ke3 Rb3 25. Rc6 Rxc6 26. Rxc6 Rxb2 27. Rc7 a6 28. Rc6 d4+ 29. Kf3 Rd2 30. Rxa6 Rxd3+ 31. Ke2 Rb3 32. a4 e5 33. a5 e4 34. Rb6 Ra3 35. Rb4 d3+ 36. Ke3 f5 37. f3 exf3 38. gxf3 Rxa5 39. Kxd3 Ra3+ 40. Ke2 Ra2+ 41. Ke3 Rxh2 42. Rb6 Kh6 43. Kf4 Rh4+ 44. Kg3 Ra4 45. Rb7 g5 46. Rb5 Kg6 47. Rb6+ Kh5 48. Rb5 f4+ 49. Kh3 Ra3 50. Kg2 Kh4 51. Rb2 h5 52. Rf2 Ra4 0-1

[Event "SRB Central-ch op-A 6th"]
[Site "Paracin"]
[Date "2013.07.12"]
[Round "9"]
[White "Markovic, Aleksandar"]
[Black "Kasparova, Tatiana"]
[Result "1/2-1/2"]
[WhiteElo "2111"]
[BlackElo "2133"]
[PlyCount "53"]
[EventDate "2013.07.05"]
[EventType "swiss"]
[EventRounds "9"]
[EventCountry "SRB"]
[SourceTitle "EXT 2014"]
[Source "ChessBase"]
[SourceDate "2013.11.20"]
[SourceVersion "1"]
[SourceVersionDate "2013.11.20"]
[SourceQuality "1"]

1. e4 c6 2. d4 d5 3. e5 Bf5 4. h4 h5 5. c4 e6 6. Nc3 Be7 7. Nf3 Bg4 8. cxd5 cxd5 9. Be2 Nc6 10. Ng5 Bxe2 11. Nxe2 Qa5+ 12. Bd2 Qb6 13. Bc3 Nh6 14. Ng3 g6 15. Qd2 Bb4 16. Bxb4 Qxb4 17. Qxb4 Nxb4 18. Kd2 Rc8 19. Rac1 Kd7 20. Rxc8 Rxc8 21. a3 Nc6 22. Kd3 Na5 23. Re1 Nb3 24. Nf3 Rc4 25. Nf1 Nc1+ 26. Kd2 Nb3+ 27. Kd3 1/2-1/2

[Event "SRB-ch U16"]
[Site "Vrnjacka Banja"]
[Date "2013.05.05"]
[Round "8"]
[White "Markovic, Aleksandar"]
[Black "Besedes, Danilo"]
[Result "1-0"]
[WhiteElo "2106"]
[BlackElo "1872"]
[PlyCount "75"]
[EventDate "2013.04.30"]
[EventType "swiss"]
[EventRounds "9"]
[EventCountry "SRB"]
[SourceTitle "CBM 154 Extra"]
[Source "ChessBase"]
[SourceDate "2013.06.25"]
[SourceVersion "2"]
[SourceVersionDate "2013.06.25"]
[SourceQuality "1"]

1. e4 e5 2. Nf3 Nc6 3. c3 Nf6 4. d4 Nxe4 5. d5 Ne7 6. Nxe5 Ng6 7. Nxg6 hxg6 8. Bd3 Nf6 9. c4 Be7 10. Nc3 d6 11. Qc2 a6 12. Bd2 Nd7 13. 0-0-0 Nc5 14. Rde1 Nxd3+ 15. Qxd3 Kf8 16. Ne4 Bf5 17. f3 b5 18. g4 Bxe4 19. Rxe4 Bh4 20. f4 Qd7 21. h3 Re8 22. Rh2 Rxe4 23. Qxe4 f5 24. Qe2 Kf7 25. g5 Re8 26. Qf3 b4 27. Re2 a5 28. Rxe8 Qxe8 29. Qe3 Qxe3 30. Bxe3 Ke7 31. Kc2 Be1 32. Kb3 Kd7 33. Ka4 Kc8 34. b3 Kb7 35. Kb5 Bc3 36. c5 Be1 37. c6+ Kc8 38. Kxa5 1-0